ORTHOPEDIC PHYSICAL THERAPY SECRETS (Record no. 799403)

MARC details
000 -LEADER
fixed length control field 00378pam a2200157 a 4500
020 ## - INTERNATIONAL STANDARD BOOK NUMBER
International Standard Book Number 9788131211892
Terms of availability
041 ## - LANGUAGE CODE
Language code of original
082 ## - DEWEY DECIMAL CLASSIFICATION NUMBER
Classification number 617.3
Item number PLA/BOY
100 ## - MAIN ENTRY--PERSONAL NAME
Personal name PLASZEK J.D., BOYCE D.A.
245 ## - TITLE STATEMENT
Title ORTHOPEDIC PHYSICAL THERAPY SECRETS
Medium Textual Documents
250 ## - EDITION STATEMENT
Edition statement 2 ED.
260 ## - PUBLICATION, DISTRIBUTION, ETC.
Name of publisher, distributor, etc. MOSBY, ELS
Date of publication, distribution, etc. 2008
300 ## - PHYSICAL DESCRIPTION
Extent 679:
Other physical details XX;
Dimensions PB.
650 ## - SUBJECT ADDED ENTRY--TOPICAL TERM
Topical term or geographic name entry element ORTHO
930 ## - EQUIVALENCE OR CROSS-REFERENCE-UNIFORM TITLE HEADING [LOCAL, CANADA]
Uniform title 4875
Holdings
Withdrawn status Lost status Damaged status Not for loan Collection Home library Current library Date acquired Source of acquisition Cost, normal purchase price Total Checkouts Full call number Barcode Date last seen Copy number Price effective from Koha item type
          Medical College & Hospital, Sangli Medical College & Hospital, Sangli 22/07/2011 B.M.S.G.B.PUNE 595.00   617.3 PLA/BOY MCS-9791 26/07/2023 1 26/07/2023 Book